Statistics for Word Scramble - NBA Teams

Click here to take the quiz!

General Stats

  • This quiz has been taken 134 times
  • The average score is 12 of 30

Answer Stats

Scrambled WordAnswer% Correct
DGELNO AETST RAIWRSOGolden State Warriors
80%
ASN TIONNAO PRSUSSan Antonio Spurs
70%
SLO EGLAENS KRSALELos Angeles Lakers
67%
WNE RYKO NIKSCKNew York Knicks
67%
LECANVDE VALRCISASECleveland Cavaliers
65%
AMMII THAEMiami Heat
54%
HTAU ZJAZUtah Jazz
50%
KOBOLNYR TESNBrooklyn Nets
48%
ROOTNOT PROATSRToronto Raptors
48%
GACIHOC LSBLUChicago Bulls
47%
WMIKLEUAE UKSCBMilwaukee Bucks
45%
OLS GELNESA PREILPSCLos Angeles Clippers
42%
HLMAKOAO TYIC HNTUREDOklahoma City Thunder
42%
LHIPEDLAHIAP 6R7SEPhiladelphia 76ers
42%
NUHSOTO CREKTSOHouston Rockets
41%
XHOIPEN NSUSPhoenix Suns
38%
CARMTOESAN NKSIGSacramento Kings
35%
DNIAIAN CRESAPIndiana Pacers
33%
HSIAWTNOG ZDRWASIWashington Wizards
33%
LTNAAAT WKHSAAtlanta Hawks
30%
VDEENR GUNETSGDenver Nuggets
30%
WNE RLOSENA LIPANESCNew Orleans Pelicans
30%
ASLDLA CMSIVAREKDallas Mavericks
29%
PIHSEMM ZGIRZLSIEMemphis Grizzlies
28%
TROLPNDA RTLIA LRESAZBPortland Trail Blazers
27%
ESTOAINMN MOESVEBTRILWMinnesota Timberwolves
26%
LNDOOAR GCIMAOrlando Magic
25%
TOREDTI SPTNIOSDetroit Pistons
24%
LTOHRCAET NTOHERSCharlotte Hornets
23%
OTSBNO LTEICSCBosston Celtics
0%

Score Distribution

Percentile by Number Answered

Percent of People with Each Score

Your Score History

You have not taken this quiz